00347cam a2200097 i 4500020002600000100001400026245011600040260004100156300003200197490002000229 a9789864930845cNT$3601 a周恬弘10a白色危機 :b我們該如何面對高齡社會、醫病關係、醫療變遷的種種問題? /c周恬弘著 a臺北市 :b啟動文化,c2018.05. a299 面 :b圖 ;c21 公分0 aOn Value ;v28.